Holler if you hear me : searching for Tupac Shakur /

Bibliographic Details
Main Author: Dyson, Michael Eric
Format: eBook
Language:English
Published: New York : Basic Civitas Books, [2001]
Series:Black thought and culture.
Subjects:
Online Access:Connect to the full text of this electronic book

MARC

Tag First Indicator Second Indicator Subfields
LEADER 00000cam a22000003i 4500
001 in00002503574
005 20190327173456.0
006 m||||||||d||||||||
007 cr |n ---||a|a
008 010706s2001 nyu sb 001|0beng d
010 |a  2001036564 
020 |a 046501755X (alk. paper) 
035 |a (VaAlASP)ASPS00017234/bltc 
040 |a DLC  |c DLC  |d DLC  |d VaAlASP  |d UtOrBLW 
043 |a n-us--- 
050 0 0 |a ML420.S529  |b D97 2001 
082 0 0 |a 782.421649/092  |a B  |2 21 
100 1 |a Dyson, Michael Eric. 
245 1 0 |a Holler if you hear me :  |b searching for Tupac Shakur /  |c Michael Eric Dyson. 
264 1 |a New York :  |b Basic Civitas Books,  |c [2001] 
264 4 |c ©2001 
300 |a 292 pages :  |b illustrations ;  |c 21 cm. 
336 |a text  |b txt  |2 rdacontent 
337 |a computer  |b c  |2 rdamedia 
338 |a online resource  |b cr  |2 rdacarrier 
504 |a Includes bibliographical references (pages [272]-285) and index. 
533 |a Electronic reproduction.  |b Alexandria, VA :  |c Alexander Street Press,  |d 2007.  |f (Black thought and culture).  |n Available via World Wide Web. 
500 |a Electronic resource. 
600 1 0 |a Shakur, Tupac,  |d 1971-1996. 
650 0 |a Rap musicians  |z United States  |v Biography. 
655 0 |a Electronic books. 
776 1 |c Original  |z 046501755X (alk. paper)  |w (DLC) 2001036564 
830 0 |a Black thought and culture. 
856 4 0 |z Connect to the full text of this electronic book  |u http://proxy.library.tamu.edu/login?url=http://www.aspresolver.com/aspresolver.asp?BLTC;S17234  |t 0 
999 |a MARS 
999 f f |s 7d800ec0-beba-3766-b8dd-82fbea99867f  |i 52522f11-317a-3b46-96a5-0ebc18c671bb  |t 0 
952 f f |a Texas A&M University  |b College Station  |c Electronic Resources  |d Available Online  |t 0  |e ML420.S529 D97 2001  |h Library of Congress classification 
998 f f |a ML420.S529 D97 2001  |t 0  |l Available Online